Oceňovanie podnikov na Slovensku

Metódy na stanovenie hodnoty podniku. Oceňovanie podnikov na Slovensku. Najčastejšie využívané metódy oceňovania hodnoty podnikov.

Uložené v:
Podrobná bibliografia
Hlavný autor: Tomečko, Jaroslav
Médium: Kapitola
Jazyk:Slovak
Predmet:
Tagy: Pridať tag
Žiadne tagy, Buďte prvý, kto otaguje tento záznam!

MARC

LEADER 00000naa a2200000 4500
001 0142100
005 20231204130523.9
041 0 |a slo 
044 |a SK 
245 1 0 |a Oceňovanie podnikov na Slovensku  |c Jaroslav Tomečko 
520 |a Metódy na stanovenie hodnoty podniku. Oceňovanie podnikov na Slovensku. Najčastejšie využívané metódy oceňovania hodnoty podnikov. 
610 2 0 |a hodnota podniku 
610 2 0 |a oceňovanie 
610 2 0 |a Slovensko 
610 2 0 |a ceny 
610 2 0 |a metóda bilančná 
610 2 0 |a hodnota pridaná ekonomická 
100 1 |a Tomečko, Jaroslav